00331nam a22001217a 4500020001900000040002300019082001700042100003300059245003400092260004700126942001700173999001900190 a978-0073398273 adlccdlcddlcedlc a620.106bWHI aFrank White (Author)9129195 aFluid Mechanics b8th Edition aAUSTRAILIA bMcGraw HillcJanuary 16, 2015 2ddccBKe8th c613881d613881